000 00412nam a22001697a 4500
003 MPLRDC
005 20220104144358.0
008 210129b ||||| |||| 00| 0 eng d
082 _a431.47 CSX
100 _a上海市川沙县江镇公社卫生院
245 _a卫生员课本
_c
250 _a初版
260 _a
_b上海人民出版社
_c1974
300 _b
650 _a
942 _cBK
_o431.47 CSX
999 _c49035
_d49025